000 00346pam a2200157a 44500
008 230515b1990 xxu||||| |||| 00| 0 eng d
020 _aNULL
041 _aENGLISH
082 _aN.D.
100 _aFeeler Geuges I.S.
245 _aEngineering Matrology
250 _a0
260 _aNULL
_bIndian Std.
_c1990
300 _a3
650 _aNULL
999 _c574384
_d574384